000 01318naa a22003617a 4500
001 BR8002736
003 BR-BrBNA
005 20240918174556.0
007 ta
008 230509b bl.||||| |||| 00| 0 por d
040 _aBR-BrBNA
_bpor
_cBiblioteca Nacional de Agricultura
041 _a(Pt)
072 _aF25; F27
_b0230
_b3862
090 _aF25 BR8002736
100 1 _aLeme, E.J.A.
100 1 _aRosenfeld, U.
100 1 _aBaptistella, J.R.
111 1 _a4. International Symposium on Alcohol Fuels Technology
_cGuaruja, SP (Brazil)
_d5 Oct 1980
245 1 _aUso da vinhaca por aspersao com canhao hidraulico [Residuo industrial; Cana de acucar; Fertilizante; Rendimento]
260 3 _aSao Paulo, SP (Brasil):
_c1980.
500 _aProceedings of the 4. International Symposium on Alcohol Fuels Technology Sao Paulo, SP (Brasil): 1980. v. 2 p. 815-821 (BR8002736-AM)F25
650 _aFertilizante
650 _aFisica do solo
650 _aCana de acucar
650 _aVinhaca
650 _aSolo
650 _aAnalise do solo
650 _aRendimento
650 _aCusto
773 0 _tProceedings of the 4. International Symposium on Alcohol Fuels Technology
_wF25 BR8002736
_gSao Paulo, SP (Brasil), 1980. v. 2 p. 815-821
909 _a202404
_bLucia
_c55
_dLucia Elande
942 _cAM
_2AGRIS
999 _c312102
_d312102